000 00398cam a2200169ua 4500
001 6436
008 120409n1979 II |||gr||||Z||||||asm
040 _aMAIN
041 _aEnglish
082 _a891.451 KHA
100 _aD.U .
245 _aKATHA CAHYAN
260 _aDIBRUGARH
_bDIBRUGARH UNIVERSITY COORDINATION COMMITTEE
_c1979
300 _a348.
653 _aASSAMESE LITERATURE
942 _cBK
999 _c6421
_d6421